Questions Eyeshield 21 (débutant) - Statistiques

Statistiques générales
  • Ce quiz a été pris 32 fois
    10 depuis la dernière actualisation
  • Le résultat moyen est 12 sur 15
Statistiques - réponses
Question Réponse % Correct
Comment s'appelle le chien d'Hiruma ? Cerberus
100%
Qui est l'équipe rivale des Devil Bats ? Les White Knights
100%
Quelle est le technique la plus connue du personnage principal ? Devil Bat Ghost
90%
Comment le personnage principal a-t-il développé sa course (dont on dit qu'elle est pareille à la vitesse de la lumière) ? En étant un larbin pour ses camarades de classes à l'école primaire et au collège
90%
Comment s'appelle l'entraînement que les Devils Bats ont fait durant leur stage aux États-Unis ? La Marche Funèbre/la Marche de la Mort
90%
Qui est le rival du personnage principal ? Seijûrô Shin
90%
Quel est le numéro de maillot de Yoichi Hiruma ? 1
80%
Quel personnage traite quasiment tout le monde de déchet ? Agon Kongō
80%
Comment s'appelle le lycée du personnage principal ? Deimon
80%
Quel est le nom du personnage principal ? Sena Kobayakawa
80%
Quel mot utilise Hiruma avant chaque surnom qu'il crée ? Fucking
70%
Après leur match nul contre les Sphinx de Taiyô, les Devil Bats ont gagné le droit de représenter le Japon lors d'un match d'exhibition contre un grand lycée Américain. Quel est le nom de l'équipe de ce lycée ? Les Aliens
70%
Quel est le cri de guerre des Devil Bats ? On va les écraser/écrabouiller/bousiller ya ha !
70%
Quel action ne s'est jamais produite dans l'histoire ? Sena qui est approché par un agent qui lui propose de se doper (avant son match contre les Dinosaurs)
70%
Comment s'appelle le véritable Eyeshield 21 Takeru Yamato
70%
Aucun quiz correspondant
Distribution des résultats
% des personnes avec chaque résultat
Percentile par nombre de réponses
Votre historique - résultats
Vous n’avez pas pris ce quiz depuis la dernière actualisation